| 000 | 00700nam a2200277 a 4500 | ||
|---|---|---|---|
| 003 | AR-BaBNM | ||
| 005 | 20251128205943.0 | ||
| 008 | 082120s2002 ||||||||||||||000 | spa|| | ||
| 020 | _a950-843-315-9 | ||
| 040 | _cAR-BaBNM | ||
| 100 | 1 | _aBosco, María Angélica | |
| 245 | 0 | 0 | _aMemoria de las casas |
| 260 |
_aBuenos Aires _bVinciguerra _c1998 |
||
| 300 | _a206 p. | ||
| 490 | 0 | _aTestimonios de fin de milenio | |
| 650 | 4 | _aLITERATURA ARGENTINA | |
| 650 | 4 | _aHISTORIA ARGENTINA | |
| 650 | 4 | _aLITERATURA CONTEMPORANEA | |
| 650 | 4 | _aVIDA LITERARIA | |
| 650 | 4 | _aVIDA SOCIAL | |
| 650 | 4 | _aBIOGRAFIAS | |
| 653 | _aMEMORIAS | ||
| 655 | _aLITERATURA | ||
| 942 | _cBK | ||
| 998 | _cMARTIN | ||
| 999 |
_c13460 _d13460 |
||